00365nam a22001457a 4500003000400000008004100004020001800045082001400063100001700077245004500094250001100139260004000150300000800190650002100198OSt230509b |||||||| |||| 00| 0 eng d a9781501147722 a158.2 GRF aGRAZER,Brian aFace to Face the Art of Human Connection a1st Ed aNew DelhibSimon and Schusterc2019 a198 aDecentralization